[Event "14th Chigorin Mem"]
[Site "St-Petersburg RUS"]
[Date "2006.10.30"]
[Round "9"]
[White "Novikov,St"]
[Black "Sagafos,M"]
[Result "1-0"]
[WhiteElo "2532"]
[BlackElo "2358"]

1.d4 Nf6 2.Nf3 g6 3.c4 Bg7 4.Nc3 d6 5.e4 O-O 6.Be2 e5 7.Be3 Na6 8.O-O Ng4
9.Bg5 Qe8 10.c5 exd4 11.Nd5 h6 12.Bh4 g5 13.Bxa6 bxa6 14.Bg3 Qxe4 15.Nxc7 Rb8
16.Bxd6 Rd8 17.Re1 Qg6 18.Nd5 Rb7 19.Ne7+ Rxe7 20.Rxe7 Bf8 21.h3 Bxe7 22.Bxe7 Rd5
23.hxg4 Bxg4 24.Qb3 Qf5 25.Bf6 Kh7 26.Nxd4  1-0

[Event "14th Chigorin Mem"]
[Site "St-Petersburg RUS"]
[Date "2006.10.30"]
[Round "9"]
[White "Levin,Ev"]
[Black "Pokazanjev,N"]
[Result "1/2-1/2"]
[WhiteElo "2358"]
[BlackElo "2456"]

1.d4 Nf6 2.c4 g6 3.Nc3 Bg7 4.e4 d6 5.Nf3 O-O 6.Be2 e5 7.Be3 Ng4 8.Bg5 f6
9.Bh4 g5 10.Bg3 Nh6 11.d5 f5 12.exf5 Nxf5 13.Nd2 Nd7 14.Nde4 h6 15.O-O Nd4
16.Rc1 b6 17.Bg4 Nf6 18.Nxf6+ Qxf6 19.h3 a6 20.Re1 Nf5 21.Ne4 Qe7 22.b4 a5
23.c5 axb4 24.cxb6 cxb6 25.Qb3 Nd4 26.Qxb4 Bxg4 27.hxg4 Rxa2 28.Qxb6 Qd7
29.Nc3 Rc2 30.Rxc2 Nxc2 31.Re4 Nd4 32.Qa6 Rc8 33.Qd3 Qa7 34.Kh2 Qa3 35.Re3 Qb3
36.Ne4 Qxd5 37.Qa6 Rc6 38.Qa8+ Kh7 39.Qb7 Qe6 40.f3 Kg6 41.Qb1 Kf7 42.Ra3 d5
43.Ra7+ Kg8 44.Qb7 Qg6 45.Qb8+ Bf8 46.Bxe5 dxe4 47.Rg7+ Qxg7 48.Bxg7 Kxg7
49.Qe5+ Rf6 50.Qxd4 Bd6+ 51.Kh3 exf3 52.gxf3 Kf7 53.Kg2 Re6 54.Qd5 Ke7 55.Qb7+ Kd8
56.Qd5 Ke7 57.Qb7+ Kf6 58.Qh7 Bf4 59.Qxh6+ Ke5 60.Qg7+ Kd5 61.Qf7 Kd6 62.Qf8+  1/2-1/2

[Event "Open A"]
[Site "Le Touquet FRA"]
[Date "2006.10.31"]
[Round "5"]
[White "Klipper,N"]
[Black "Feryn,A"]
[Result "1-0"]
[WhiteElo "1862"]
[BlackElo "1896"]

1.d4 Nf6 2.Nf3 g6 3.c4 Bg7 4.Nc3 O-O 5.e4 d6 6.Be2 e5 7.dxe5 dxe5 8.Qxd8 Rxd8
9.Bg5 Re8 10.O-O-O Na6 11.Nxe5 Nxe4 12.Nxe4 Bxe5 13.Bf3 Kg7 14.Nc3 c6 15.Rhe1 Nc5
16.Be3 Nd7 17.Bd4 f6 18.Bg4 Bf4+ 19.Kc2 Rxe1 20.Rxe1 Ne5 21.Bxc8 Rxc8 22.g3 c5
23.gxf4 cxd4 24.fxe5 dxc3 25.Kxc3 fxe5 26.Rxe5 Kf6 27.Rd5 Ke6 28.Kd3 Rf8
29.Ke3 b6 30.Rd4 Rf5 31.Re4+ Kd6 32.b4 Rh5 33.h4 g5 34.hxg5 Rxg5 35.Rh4 h5
36.f4 Rf5 37.Ke4 Ke6 38.Rh1 a5 39.a3 axb4 40.axb4 Kf6 41.Rd1 b5  1-0

[Event "Open"]
[Site "Santo Domingo DOM"]
[Date "2006.11.01"]
[Round "3"]
[White "Steel,Dan"]
[Black "Perelshteyn,E"]
[Result "0-1"]
[WhiteElo "2055"]
[BlackElo "2540"]

1.d4 Nf6 2.c4 g6 3.Nc3 Bg7 4.Nf3 d6 5.e4 O-O 6.Be2 Na6 7.O-O e5 8.d5 Nc5
9.Qc2 a5 10.b3 Bd7 11.Ne1 Ne8 12.Nd3 b6 13.Nxc5 bxc5 14.f3 f5 15.Be3 f4 16.Bf2 h5
17.Rfb1 g5 18.Qd1 Rf6 19.Kf1 Rg6 20.h3 g4 21.hxg4 hxg4 22.Ke1 gxf3 23.Bxf3 Nf6
24.Bh4 Rh6 25.Bxf6 Qxf6 26.Kd2 Rh2 27.Qg1 Qh4 28.Qe1 Qh6 29.Qg1 Kf7 30.Nd1 Bf6
31.Nf2 Rg8 32.Kd3 Rg3 33.Ke2 Rh4 34.Qe1 Qg5 35.Qxa5 Rxg2 36.Rh1 Rxf2+ 37.Kxf2 Qg3+
38.Ke2 Bg4 39.Qxc7+ Be7 40.Bxg4 Qe3+  0-1

[Event "NWAPA Rector Cup"]
[Site "St Petersburg RUS"]
[Date "2006.11.03"]
[Round "5"]
[White "Lintchevski,D"]
[Black "Lovkov,R"]
[Result "0-1"]
[WhiteElo "2455"]
[BlackElo "2414"]

1.d4 Nf6 2.c4 g6 3.Nc3 Bg7 4.e4 d6 5.Nf3 O-O 6.Be2 e5 7.Be3 Nbd7 8.O-O c6
9.d5 c5 10.Ne1 Ne8 11.Nd3 f5 12.f4 Qe7 13.exf5 e4 14.f6 Ndxf6 15.Nf2 h5 16.Qd2 Bf5
17.a3 b6 18.b4 Bh8 19.h3 h4 20.Ng4 Bg7 21.Rac1 Nh5 22.Rfe1 Ng3 23.Bd1 Nf6
24.Nh2 Nfh5 25.Bxh5 gxh5 26.Nf1 Qf6 27.Ne2 Qg6 28.Kh2 Nxe2 29.Qxe2 Bh6 30.Qf2 Qf6
31.Nd2 Rf7 32.Rg1 Kh8 33.g4 hxg3+ 34.Rxg3 Bh7 35.Rf1 Raf8 36.Nb3 Rg7 37.Rxg7 Bxg7
38.Qd2 Bg6 39.Nc1 Qb2 40.Qxb2 Bxb2 41.bxc5 bxc5 42.Ne2 h4 43.Rb1 Bxa3 44.Nc3 Bb4
45.Nb5 Rd8 46.Rg1 Kh7 47.Nxa7 Ra8 48.Nb5 Bh5 49.Nc7 Ra3 50.Bc1 Rc3 51.Bb2 Rxc4
52.Bf6 Rc2+ 53.Rg2 Rxg2+ 54.Kxg2 e3 55.Bxh4 e2 56.Nb5 c4  0-1

[Event "10th OIBM"]
[Site "Bad Wiessee GER"]
[Date "2006.11.04"]
[Round "1"]
[White "Pelletier,Y"]
[Black "Wallhof,D"]
[Result "1-0"]
[WhiteElo "2588"]
[BlackElo "2056"]

1.Nf3 Nf6 2.c4 g6 3.Nc3 Bg7 4.d4 O-O 5.e4 d6 6.Be2 e5 7.O-O Nbd7 8.Be3 exd4
9.Nxd4 Nc5 10.f3 a5 11.b3 Re8 12.Qd2 c6 13.Rad1 Qc7 14.Nc2 Bf8 15.Bf4 Re6
16.Kh1 b6 17.Nd4 Re8 18.a3 Nh5 19.Bg5 f6 20.Bh4 g5 21.Bf2 Ne6 22.Rfe1 Nef4
23.Bf1 Bb7 24.Nf5 Rad8 25.Na4 c5 26.Nc3 Ng7 27.Nb5 Qd7 28.Nh6+ Kh8 29.Nxd6 Bxd6
30.Qxd6 Qxd6 31.Nf7+ Kg8 32.Nxd6 Re7 33.Nf5 Red7 34.Ne7+ Kf7 35.Rxd7 Rxd7
36.Nd5 Nxd5 37.exd5 Nf5 38.Bd3  1-0

[Event "TCh-AUT 2006-7"]
[Site "Graz AUT"]
[Date "2006.11.04"]
[Round "2"]
[White "Wukits,R"]
[Black "Likavsky,T"]
[Result "1/2-1/2"]
[WhiteElo "2291"]
[BlackElo "2480"]

1.d4 Nf6 2.c4 g6 3.Nc3 Bg7 4.e4 d6 5.Be2 O-O 6.Nf3 e5 7.d5 Nbd7 8.Nd2 c6
9.h4 h5 10.Nf3 Nc5 11.Ng5 cxd5 12.cxd5 Bd7 13.b4 Na6 14.Qb3 Nc7 15.O-O Nce8
16.Be3 Nh7 17.Ne6 Qxh4 18.Nxf8 Bxf8 19.Bb5 Bxb5 20.Nxb5 Qxe4 21.f3 Qh4 22.Rac1 Qd8
23.Nxa7 f5 24.Rc4 g5 25.Rfc1 Ng7 26.Rc8 Rxc8 27.Rxc8 Qf6 28.Bb6 g4 29.fxg4 hxg4
30.Nc6 f4 31.Bd8 Qh6 32.Ne7+ Kh8 33.Qd3 g3 34.Ng6+ Kg8 35.Bh4 Qh5 36.Nxf8 Nxf8
37.Be7 Qh2+ 38.Kf1 Qh1+ 39.Ke2 Qxg2+ 40.Kd1 e4 41.Rxf8+ Kh7 42.Qe2 Qh1+ 43.Kd2 e3+
44.Kc3 Qe4 45.Bxd6 g2 46.Rxf4 Qg6 47.Rg4 g1=Q 48.Rxg1 Qxg1 49.Qh2+ Qxh2 50.Bxh2 Kg6
51.Kd3 Nf5 52.a4 Kf7 53.a5 Ne7 54.Kc4 e2 55.Bg3 Ke8 56.b5 Kd7 57.Kc5 Nf5
58.Be1 Kc7 59.Bb4 Nd6 60.b6+ Kd7 61.Kd4 Nf5+ 62.Kd3 Ne7 63.Ke4 Kc8 64.Be1 Ng6
65.Kf5 Nf8 66.Ke4 Nd7 67.Kf5 Nc5 68.Bh4 Kd7 69.Bg3 Na6 70.Ke4 Nb4 71.Kf3 Nxd5
72.Kxe2 Kc6 73.Kd3 Kb5 74.Be1 Ne7 75.Kd4 Nc6+ 76.Kc3 Nxa5 77.Bf2 Nc4 78.Kb3 Nd2+
79.Kb2 Ne4 80.Be3 Kc4 81.Kc2 Nf6 82.Bf2 Ng4 83.Bg1 Ne5 84.Be3 Kb4 85.Bf2 Kb5
86.Kc3 Ng4 87.Bd4 Nh2 88.Bg1 Nf3 89.Bf2 Ne5 90.Bg1 Nc4 91.Bf2 Nxb6 92.Bxb6 Kxb6
93.Kb4 Kc6 94.Kc4 b5+ 95.Kb4 Kb6 96.Kb3 Kc5  1/2-1/2

[Event "TCh-ESP Final"]
[Site "Lugo ESP"]
[Date "2006.11.04"]
[Round "2"]
[White "Eljanov,P"]
[Black "Comas Fabrego,L"]
[Result "1-0"]
[WhiteElo "2658"]
[BlackElo "2495"]

1.c4 Nf6 2.Nc3 g6 3.e4 d6 4.d4 Bg7 5.Nf3 O-O 6.Be2 Na6 7.O-O e5 8.Re1 c6
9.Bf1 exd4 10.Nxd4 Ng4 11.h3 Qb6 12.hxg4 Qxd4 13.Qf3 Qb6 14.Rd1 Be5 15.Rb1 Qd8
16.g3 Qe7 17.Bf4 Nc7 18.Qe2 Re8 19.Bg2 Ne6 20.Be3 Nc5 21.Re1 Qe6 22.g5 Qg4
23.Qc2 Qh5 24.f4 Bxc3 25.bxc3 b6 26.Bd4 Bh3 27.Bh1 Bg4 28.Re3 Nd7 29.Rf1 c5
30.Bf6 Nxf6 31.gxf6 g5 32.Rf2 Rad8 33.Qd2 Qg6 34.Rd3 Qxf6 35.Rd5 Be6 36.Rxg5+ Kh8
37.Rh2 Rg8 38.Rhh5 Rxg5 39.Rxg5 Bxc4  1-0

[Event "Petersburg Autumn"]
[Site "St Petersburg RUS"]
[Date "2006.11.04"]
[Round "5"]
[White "Mironovich,M"]
[Black "Gantsevich,A"]
[Result "1-0"]
[WhiteElo "1955"]
[BlackElo "2034"]

1.d4 Nf6 2.c4 g6 3.Nc3 Bg7 4.e4 d6 5.Nf3 O-O 6.Be2 e5 7.d5 Nh5 8.g3 f5 9.Nh4 Nf4
10.Bf3 Nh3 11.Ng2 g5 12.exf5 Bxf5 13.Be3 Qd7 14.Be4 Na6 15.a3 Nc5 16.Bxc5 dxc5
17.Rf1 Rae8 18.Qd3 g4 19.O-O-O Bh6+ 20.Kb1 Ng5 21.Bxf5 Rxf5 22.Nh4 e4 23.Qe3 Rf6
24.Qxc5 Qf7 25.d6 cxd6 26.Rxd6 Rxd6 27.Qxd6 e3 28.Qxh6 Nh3 29.f4 Qxc4 30.Re1 Qd3+
31.Ka2 Qd2 32.Re2 Qd7 33.f5 Qe7 34.Qe6+ Qxe6+ 35.fxe6 Rxe6 36.Nf5 Re5 37.Nh6+ Kg7
38.Nxg4  1-0

[Event "Petersburg Autumn"]
[Site "St Petersburg RUS"]
[Date "2006.11.04"]
[Round "5"]
[White "Pankov,Ger"]
[Black "Frolochkin,V"]
[Result "1/2-1/2"]
[WhiteElo "2341"]
[BlackElo "2232"]

1.d4 Nf6 2.Nf3 g6 3.c4 Bg7 4.Nc3 O-O 5.e4 d6 6.Be2 e5 7.dxe5 dxe5 8.Qxd8 Rxd8
9.Bg5 Re8 10.Nd5 Nxd5 11.cxd5 c6 12.Bc4 cxd5 13.Bxd5 Na6 14.O-O-O Nb4 15.Bb3 Be6
16.Bxe6 Rxe6 17.Kb1 f6 18.Be3 Bf8 19.Rd7 Re7 20.Rhd1 b6 21.a3 Na6 22.Rd8 Rxd8
23.Rxd8 Kf7 24.Nd2 Re8 25.Rd7+ Re7 26.Rd8 Re8 27.Rxe8 Kxe8 28.b4 Nc7 29.Kb2 Kd7
30.Kb3 Kc6 31.Nc4 Na8 32.g4 h6 33.h4 g5 34.h5 a6 35.a4 Be7 36.Kc3 b5 37.Na5+ Kd7
38.axb5 axb5 39.Bc5 Nc7 40.Nb3 Ne6 41.Be3 Kc6 42.Nc1 Bd8 43.Ne2 Bb6 44.Bxb6 Kxb6
45.Ng3 Nd4 46.Nf1 Kc6 47.Ne3 Kd6  1/2-1/2

[Event "Venetian Autumn"]
[Site "Venice ITA"]
[Date "2006.11.04"]
[Round "2"]
[White "Mileto,G"]
[Black "You Zhi Chih,S"]
[Result "1/2-1/2"]
[WhiteElo "2189"]
[BlackElo "1986"]

1.Nf3 Nf6 2.c4 g6 3.Nc3 Bg7 4.e4 d6 5.d4 O-O 6.Be2 e5 7.O-O Nbd7 8.Re1 c6
9.Bf1 Qc7 10.Rb1 a5 11.a3 Re8 12.d5 Kh8 13.b4 axb4 14.axb4 Ng8 15.dxc6 bxc6
16.Qd3 h6 17.Rd1 Bf8 18.Ne1 Ngf6 19.Nc2 Nh5 20.g3 Kh7 21.Be3 Ng7 22.Ra1 Rxa1
23.Rxa1 f5 24.Bh3 Nb6 25.c5 dxc5 26.bxc5 fxe4 27.Nxe4 Nd5 28.Bxc8 Rxc8 29.Nb4 Qf7
30.Nxd5 cxd5 31.Qxd5 Qxd5 32.Nf6+ Kh8 33.Nxd5 Nf5 34.Ra6 Nxe3 35.Nxe3 Bxc5
36.Rxg6 Bxe3 37.fxe3 Kh7 38.Re6 Rc5 39.Kg2 Kg7 40.Kf3 h5 41.Ke4 Rc2 42.h3 h4
43.gxh4 Rc4+ 44.Kxe5 Rxh4 45.Rf6 Rxh3 46.e4 Re3 47.Ra6 Kf7 48.Ra7+ Ke8 49.Kf5 Rb3
50.e5 Rb6 51.Rh7 Ra6 52.Rb7 Rc6 53.e6 Rc1  1/2-1/2

[Event "10th OIBM"]
[Site "Bad Wiessee GER"]
[Date "2006.11.05"]
[Round "2"]
[White "Niese,H"]
[Black "Buchal,S"]
[Result "1/2-1/2"]
[WhiteElo "2136"]
[BlackElo "2397"]

1.e4 g6 2.d4 Bg7 3.c4 d6 4.Nc3 Nf6 5.Be2 O-O 6.Nf3 Na6 7.O-O e5 8.Bg5 h6
9.Bh4 g5 10.dxe5 Nh5 11.Bg3 Nxg3 12.hxg3 dxe5 13.Qxd8 Rxd8 14.Rfd1 Be6 15.Rxd8+ Rxd8
16.Rd1 Rxd1+ 17.Nxd1 Nb4 18.Nc3 c6 19.Ne1 a5 20.a3 Na6 21.Na4 Bf8 22.Nc2 f6
23.g4 Kf7 24.f3 Nc7 25.Ne3 b5 26.cxb5 cxb5 27.Nc3 Bc5 28.Kf2 b4 29.axb4 axb4
30.Nd1 Bb3 31.Ke1 Ne6 32.Bc4 Bxc4 33.Nxc4 Nf4 34.Nde3 Bxe3 35.Nxe3 Nd3+ 36.Kd2 Nxb2
37.Kc2 Na4 38.Kb3 Nc5+ 39.Kxb4 Nd3+ 40.Kc4 Nf4 41.Kc3 h5 42.gxh5 Nxh5 43.Kd2 Nf4
44.g3 Ne6  1/2-1/2

[Event "TCh-BEL 2006-7"]
[Site "Belgium BEL"]
[Date "2006.11.05"]
[Round "3"]
[White "Van Heirzeele,D"]
[Black "Le Quang,K"]
[Result "1/2-1/2"]
[WhiteElo "2231"]
[BlackElo "2305"]

1.d4 Nf6 2.c4 g6 3.Nc3 Bg7 4.e4 d6 5.Nf3 O-O 6.Be2 e5 7.dxe5 dxe5 8.Qxd8 Rxd8
9.Bg5 Re8 10.Nd5 Nxd5 11.cxd5 c6 12.Bc4 cxd5 13.Bxd5 Nd7 14.Nd2 Nc5 15.Nc4 Bf8
16.Rd1 Be6 17.f3  1/2-1/2

[Event "VII Rapid"]
[Site "El Sauzal ESP"]
[Date "2006.11.05"]
[Round "8"]
[White "Perez Aleman,P"]
[Black "Vidarte Morales,A"]
[Result "1/2-1/2"]
[WhiteElo "2180"]
[BlackElo "2405"]

1.Nf3 Nf6 2.c4 g6 3.Nc3 Bg7 4.e4 O-O 5.d4 d6 6.Be2 Na6 7.O-O e5 8.Be3 Ng4
9.Bg5 Qe8 10.dxe5 dxe5 11.h3 h6 12.Bd2 Nf6 13.Be3 Qe7 14.Nd5 Qd8 15.Nxf6+ Qxf6
16.c5 Nb8 17.b4 Nc6 18.b5 Nd4 19.Bxd4 exd4 20.e5 Qf4 21.Qxd4 Qxd4 22.Nxd4 Bxe5
23.Rad1 Bf6 24.Bf3 Rb8 25.Rd3 Rd8 26.Rfd1 Kf8 27.a4 Be7 28.g4 Re8 29.c6 b6
30.Bd5 Bd6 31.Rf3 Re7 32.Rdd3 Be5 33.Kg2 a6  1/2-1/2

[Event "TCh-AUT 2006-7"]
[Site "Graz AUT"]
[Date "2006.11.05"]
[Round "3"]
[White "Babula,V"]
[Black "Polzin,R"]
[Result "1/2-1/2"]
[WhiteElo "2584"]
[BlackElo "2480"]

1.d4 Nf6 2.c4 g6 3.Nc3 Bg7 4.e4 d6 5.Nf3 O-O 6.Be2 e5 7.d5 Nbd7 8.Bg5 h6
9.Bh4 g5 10.Bg3 Nh5 11.h4 g4 12.Nh2 f5 13.exf5 Nc5 14.Nxg4 Nxg3 15.fxg3 Bxf5
16.O-O e4 17.Qd2 Bxg4 18.Bxg4 Qe7 19.Kh2 a5 20.Rae1 Rxf1 21.Rxf1 Rf8 22.Re1 Qe5
23.Qc2 Qd4 24.Nxe4 Nd3 25.Rd1 Qxe4 26.Bf3 Qe5 27.Rxd3 Qxb2 28.Qxb2 Bxb2 29.Rb3 Bd4
30.Rxb7 Bb6 31.c5 Bxc5 32.Rxc7 Rb8 33.Kh3 Rb4 34.Re7 Ra4 35.Re2 Kg7 36.Bg4 Rd4
37.Re7+ Kf8 38.Rh7 Ra4 39.Rxh6 Rxa2 40.Be6 a4 41.g4 Bd4 42.Rg6 Ra3+ 43.g3 Be5
44.h5 Rxg3+ 45.Kh4 Rg2 46.g5 a3 47.Rg8+ Ke7 48.Rc8 a2 49.Rc7+  1/2-1/2

[Event "British Rapidplay"]
[Site "Halifax ENG"]
[Date "2006.11.05"]
[Round "8"]
[White "Radovanovic,J"]
[Black "Buckley,G"]
[Result "1-0"]
[WhiteElo "2331"]
[BlackElo "2375"]

1.d4 Nf6 2.c4 g6 3.Nc3 Bg7 4.e4 d6 5.Nf3 O-O 6.Be2 e5 7.d5 Na6 8.O-O Nc5
9.Nd2 a5 10.Rb1 Ne8 11.b3 f5 12.a3 Bh6 13.b4 axb4 14.axb4 Nd7 15.c5 Ndf6
16.Nc4 Bxc1 17.Rxc1 Nxe4 18.Nxe4 fxe4 19.Qb3 Nf6 20.Ne3 Kg7 21.b5 Rf7 22.Rc2 Nd7
23.c6 bxc6 24.dxc6 Nb6 25.Bc4 Rf8 26.Bd5 Bf5 27.Ra2 Qf6 28.Ra6 Rxa6 29.bxa6 Ra8
30.Ra1 Ra7 31.Ra5 Bc8 32.Qb5 Be6 33.Bxe4 Qf7 34.h3 Qf4 35.Qd3 Nc4 36.Ra1 Nxe3
37.fxe3 Qf7 38.Rf1 Qg8 39.Ra1 Bc4 40.Qd2 Rxa6 41.Rxa6 Bxa6 42.Bd5 Qb8 43.Kh2 Qb5
44.e4 Qf1 45.Qa5 Qf4+ 46.Kh1 Bf1 47.Qxc7+ Kh6 48.Qd7 Qg3 49.Qg4 Bxg2+ 50.Kg1 Qxg4
51.hxg4 Bf1 52.Kxf1 Kg5 53.c7 Kf4 54.c8=Q g5 55.Qh8 Ke3 56.Qxh7 Kf4 57.Qf5+ Ke3
58.Qf2+ Kd3 59.Qf5 Kd4 60.Qxg5 Kd3 61.Qxe5 Ke3 62.Qf5 Kd4 63.e5 Kxd5 64.e6+ Kd4
65.e7 Ke3 66.e8=Q+ Kd4 67.Qfd7 Kc5 68.Qec8+ Kb4 69.Qdb7+  1-0

[Event "10th OIBM"]
[Site "Bad Wiessee GER"]
[Date "2006.11.06"]
[Round "3"]
[White "Landa,K"]
[Black "Zozulia,A"]
[Result "1-0"]
[WhiteElo "2570"]
[BlackElo "2363"]

1.d4 g6 2.c4 Bg7 3.Nc3 d6 4.Nf3 Nf6 5.e4 O-O 6.Be2 Na6 7.O-O e5 8.Be3 Ng4
9.Bg5 Qe8 10.c5 h6 11.Bh4 g5 12.Bg3 exd4 13.Nxd4 dxc5 14.Nf5 Bxf5 15.exf5 Nf6
16.Re1 Qc6 17.Bb5 Qb6 18.a4 Qa5 19.h4 Rad8 20.Qc1 Nh5 21.hxg5 Nxg3 22.fxg3 Bd4+
23.Kh2 c6 24.Bc4 Qc7 25.Ne4 Nb4 26.Nf6+ Bxf6 27.gxf6 Kh7 28.Re7 Rd7 29.Qe3 Qd6
30.Qe6 Qxe6 31.Bxe6 Rd6 32.Bxf7 Rxf6 33.Bg6+ Kg8 34.Rxb7 Nd3 35.g4 Ne5 36.Bh5 Nd3
37.Kg3 Rd8 38.b3 Rd4 39.Rf1 a5 40.Ra7 Ne5 41.Re1 Rd5 42.Rxa5 Rf8 43.Ra7 Rb8
44.Re3  1-0

[Event "RGSU Masters"]
[Site "Moscow RUS"]
[Date "2006.11.06"]
[Round "1"]
[White "Cherenkova,K"]
[Black "Bodnaruk,A"]
[Result "1/2-1/2"]
[WhiteElo "2238"]
[BlackElo "2255"]

1.d4 Nf6 2.c4 g6 3.Nc3 Bg7 4.e4 d6 5.Be2 O-O 6.Nf3 e5 7.dxe5 dxe5 8.Qxd8 Rxd8
9.Bg5 Re8 10.Nd5 Nxd5 11.cxd5 c6 12.Rd1 h6 13.Be3 cxd5 14.Bb5 Bd7 15.Rxd5 Bc6
16.Bxc6 Nxc6 17.O-O f5 18.Rfd1 Rac8 19.Rd7 b6 20.Kf1 f4 21.Bd2 Re6 22.Bc3 g5
23.h3 Bf6 24.Rb7 Rd8 25.Rxd8+ Bxd8 26.Rd7 Be7 27.Rd5 Bd6 28.a3 a5 29.Nd2 Kf7
30.Nc4 Bc7 31.Rd7+ Re7 32.Rd5 Ke6 33.b4 axb4 34.axb4 Kf6 35.b5 Na7 36.Bb4 Re8
37.Bc3 Re7 38.Ke2 h5 39.f3 Re8 40.Kd3 Re7 41.Bb4 Re6 42.Na3 Nc8 43.Nc4 Na7
44.Na3 Nc8 45.Rd7 Bd6 46.Kc4 Be7 47.Nc2 Nd6+ 48.Bxd6 Bxd6 49.Rb7 Bc5 50.Rc7 Re8
51.Rc6+ Kg7 52.Nb4 Ra8 53.Na6 Bd4 54.Nc7 Ra2 55.Ne6+ Kf7 56.Nxd4 exd4 57.Kxd4 Rxg2
58.Rxb6 Rf2 59.Rb8 Rxf3 60.Ke5 Rb3 61.Rb7+ Kg8 62.Rb8+ Kg7 63.Rb7+ Kg6 64.Rb6+ Kg7
65.Rb7+ Kg6 66.Rb6+  1/2-1/2

[Event "10th OIBM"]
[Site "Bad Wiessee GER"]
[Date "2006.11.07"]
[Round "4"]
[White "Sailer,W"]
[Black "Buchal,S"]
[Result "1/2-1/2"]
[WhiteElo "2232"]
[BlackElo "2397"]

1.d4 g6 2.c4 Bg7 3.Nc3 d6 4.Nf3 Nf6 5.e4 O-O 6.Be2 Na6 7.O-O e5 8.Re1 c6
9.Bf1 Bg4 10.dxe5 Bxf3 11.Qxf3 dxe5 12.Be3 Qe7 13.Rad1 Nc5 14.Rd2 Ne6 15.Red1 a6
16.g3 Rad8 17.Bh3 Nd4 18.Bxd4  1/2-1/2

[Event "10th OIBM"]
[Site "Bad Wiessee GER"]
[Date "2006.11.09"]
[Round "6"]
[White "Krivoshey,S"]
[Black "Deglmann,L"]
[Result "1-0"]
[WhiteElo "2484"]
[BlackElo "2334"]

1.Nf3 g6 2.d4 Bg7 3.e4 d6 4.c4 Nf6 5.Nc3 O-O 6.Be2 e5 7.O-O exd4 8.Nxd4 Nc6
9.Be3 Re8 10.f3 Nh5 11.Qd2 f5 12.Nxc6 bxc6 13.c5 f4 14.Bf2 Be5 15.Rfd1 Qg5
16.Rac1 Nf6 17.cxd6 cxd6 18.Bd4 Bh3 19.Bf1 Rad8 20.Bxe5 Rxe5 21.Ne2 Nh5 22.Rxc6 d5
23.Rc5 Be6 24.Nd4 Bd7 25.Qa5  1-0

[Event "TCh-NOR 2006-7"]
[Site "Oslo NOR"]
[Date "2006.11.10"]
[Round "1"]
[White "Jansson,J"]
[Black "Harestad,H"]
[Result "1-0"]
[WhiteElo "2221"]
[BlackElo "2236"]

1.d4 Nf6 2.Nf3 g6 3.c4 Bg7 4.Nc3 d6 5.e4 O-O 6.Be2 e5 7.dxe5 dxe5 8.Qxd8 Rxd8
9.Bg5 Re8 10.Nd5 Nxd5 11.cxd5 c6 12.O-O cxd5 13.exd5 Nd7 14.Rfd1 Nb6 15.Be3 Rd8
16.d6 Be6 17.Ng5 Nd5 18.Bc5 Bf8 19.Bc4 Nf4 20.Nxe6 Nxe6 21.Bxe6 fxe6 22.Rd2 b6
23.Ba3 Rac8 24.Kf1 a5 25.Rad1 Rc6 26.f3 b5 27.b3 b4 28.Bb2 Rcxd6 29.Ke2 Rd5
30.Rxd5 exd5 31.Bxe5 Kf7 32.f4 Ke6 33.Rc1 a4 34.Rc6+ Kf5 35.Kf3  1-0

[Event "Open"]
[Site "Liberec CZE"]
[Date "2006.11.11"]
[Round "1"]
[White "Vales,V"]
[Black "Svec,L"]
[Result "1-0"]
[WhiteElo "2170"]
[BlackElo "1859"]

1.d4 Nf6 2.c4 g6 3.Nc3 Bg7 4.e4 d6 5.Be2 O-O 6.Nf3 e5 7.O-O Nbd7 8.Re1 Re8
9.Bf1 h6 10.Rb1 a5 11.b3 exd4 12.Nxd4 Nc5 13.f3 Ne6 14.Ndb5 Bd7 15.Be3 Bc6
16.Qd2 Kh7 17.Rbd1 Nd7 18.Qc2 b6 19.Nd5 Qb8 20.g3 Qb7 21.Bh3 Rac8 22.Ndxc7 Rxc7
23.Nxd6 Qa8 24.Nxe8 Qxe8 25.Qf2 Rb7 26.Rd6 Ndc5 27.Bxe6 fxe6 28.Bxc5 bxc5
29.Qxc5 Rc7 30.Qxa5 Qe7 31.Red1 Rd7 32.Rxd7 Bxd7 33.Qc7 Qf6 34.Rxd7  1-0

[Event "TCh-NOR 2006-7"]
[Site "Oslo NOR"]
[Date "2006.11.11"]
[Round "2"]
[White "Steedman,J"]
[Black "Stubberud,O"]
[Result "0-1"]
[WhiteElo "2232"]
[BlackElo "2183"]

1.d4 Nf6 2.c4 g6 3.Nc3 Bg7 4.e4 d6 5.Be2 O-O 6.Nf3 e5 7.O-O Na6 8.Be3 Ng4
9.Bg5 Qe8 10.h3 h6 11.Bc1 Nf6 12.dxe5 dxe5 13.a3 Qe7 14.Qc2 c6 15.b4 Nh5
16.Re1 Nf4 17.Bf1 Ne6 18.Ne2 c5 19.Nc3 b6 20.Nd5 Qd6 21.Bb2 Nac7 22.Rad1 Nd4
23.Nxd4 exd4 24.bxc5 bxc5 25.Bc1 Nxd5 26.cxd5 Kh7 27.g3 Bd7 28.Bf4 Qb6 29.Rb1 Qa5
30.Rb7 Qxe1 31.Rxd7 Qc3 32.Qa2 d3 33.d6 c4 34.Bd2 Qb2 35.Qxb2  0-1

[Event "10th OIBM"]
[Site "Bad Wiessee GER"]
[Date "2006.11.12"]
[Round "9"]
[White "Hoffmann,Mi1"]
[Black "Zozulia,A"]
[Result "1/2-1/2"]
[WhiteElo "2477"]
[BlackElo "2363"]

1.d4 g6 2.c4 Bg7 3.Nf3 d6 4.Nc3 Nf6 5.e4 O-O 6.Be2 Na6 7.O-O e5 8.Be3 Ng4
9.Bg5 f6 10.Bc1 Nh6 11.c5 exd4 12.Bxa6 dxc3 13.Bc4+ Kh8 14.cxd6 cxb2 15.Bxb2 Qxd6
16.Qxd6  1/2-1/2

[Event "ch-CRO"]
[Site "Kutina CRO"]
[Date "2006.11.12"]
[Round "2"]
[White "Jankovic,A"]
[Black "Kozul,Z"]
[Result "1/2-1/2"]
[WhiteElo "2533"]
[BlackElo "2589"]

1.d4 Nf6 2.c4 g6 3.Nc3 Bg7 4.e4 d6 5.Nf3 O-O 6.Be2 e5 7.O-O c6 8.d5 Na6 9.Be3 Ng4
10.Bg5 f6 11.Bh4 c5 12.Ne1 Nh6 13.Nd3 b6 14.Rb1 Nc7 15.b4 g5 16.Bg3 f5 17.exf5 Nxf5
18.bxc5 bxc5 19.Ne1 Ne8 20.Ne4 h6 21.Nc2 Nf6 22.Bd3 Nxe4 23.Bxe4 Qa5 24.Qe2 Qa6
25.Ne3 Bd7 26.Nxf5 Bxf5 27.Rb2 Bxe4 28.Qxe4 Rf6 29.h4 gxh4 30.Qxh4 Qa3 31.Rfb1 Qd3
32.Rb8+ Rxb8 33.Rxb8+ Kh7 34.Rb7 Rg6 35.Rxa7 Rg5 36.f3 Qg6 37.Bf2 Rxg2+ 38.Kf1 Rg5
39.Qe4 Qxe4 40.fxe4 Rg4 41.Rd7 Rxe4 42.Rxd6 Rxc4 43.Rc6 Rc1+ 44.Ke2 Rc2+
45.Ke1 Rxa2 46.d6 Ra1+ 47.Ke2 Ra2+ 48.Ke1 Ra1+ 49.Ke2 Ra2+  1/2-1/2

[Event "TCh-NOR 2006-7"]
[Site "Oslo NOR"]
[Date "2006.11.12"]
[Round "3"]
[White "Tallaksen,G"]
[Black "Gullaksen,E"]
[Result "1/2-1/2"]
[WhiteElo "2402"]
[BlackElo "2412"]

1.d4 Nf6 2.c4 g6 3.Nc3 Bg7 4.e4 d6 5.Nf3 O-O 6.Be2 e5 7.O-O Na6 8.Be3 Ng4
9.Bg5 Qe8 10.dxe5 dxe5 11.h3 f6 12.Bc1 Nh6 13.Be3 c6 14.c5 Nc7 15.Nd2 Nf7
16.Nc4 Qe7 17.Qa4 Be6 18.Rad1 Rfd8 19.Rxd8+ Qxd8 20.Rd1 Qe7 21.Nd6 Ne8 22.b4 Bf8
23.Nxe8 Qxe8 24.b5 Bd7 25.bxc6 Bxc6 26.Qb3 Kg7 27.Rd2 Ng5 28.Qc4 h5 29.Nd5 Rc8
30.Bxg5 fxg5 31.Qc3 Bxd5 32.Rxd5 Kf6 33.Qf3+ Kg7 34.Qc3 Kf6 35.h4 g4 36.f4 gxf3
37.Qxf3+ Kg7 38.Qc3 Kf6 39.Qf3+ Kg7 40.Qc3 Kf6 41.Qf3+ Kg7 42.Kh2 Qe7 43.Qh3 Rc7
44.Bc4 Qf6 45.Rd7+ Rxd7 46.Qxd7+ Kh6 47.Qd2+ Kh7 48.Qd7+ Bg7 49.Kh3 Qf4 50.Bd5 Qe3+
51.Kh2 Qxc5 52.Qxb7 Qf2 53.Qe7 Qf4+ 54.Kh3 Qg4+ 55.Kh2 Kh6 56.Qg5+ Qxg5 57.hxg5+ Kxg5
58.Bf7  1/2-1/2

[Event "TCh-ROM Divizia A Feminin"]
[Site "Predeal ROM"]
[Date "2006.11.12"]
[Round "9"]
[White "Voiska,M"]
[Black "Bogza,A"]
[Result "1/2-1/2"]
[WhiteElo "2301"]
[BlackElo "2308"]

1.d4 Nf6 2.Nf3 g6 3.c4 Bg7 4.Nc3 O-O 5.e4 d6 6.Be2 e5 7.dxe5 dxe5 8.Qxd8 Rxd8
9.Bg5 Re8 10.Nd5 Nxd5 11.cxd5 c6 12.Bc4 Nd7 13.dxc6 bxc6 14.Be3 Nb6 15.Bb3 Ba6
16.Rc1 Rac8 17.Nd2  1/2-1/2

[Event "Open"]
[Site "Liberec CZE"]
[Date "2006.11.17"]
[Round "8"]
[White "Ruzicka,M"]
[Black "Benes,Pe1"]
[Result "0-1"]
[WhiteElo "2059"]
[BlackElo "2212"]

1.d4 Nf6 2.Nf3 g6 3.c4 Bg7 4.Nc3 O-O 5.e4 d6 6.Be2 e5 7.dxe5 dxe5 8.Qxd8 Rxd8
9.Bg5 c6 10.O-O h6 11.Bh4 Re8 12.Rfd1 Na6 13.Nd2 Nh7 14.Nb3 Bf8 15.f3 Ng5
16.Rd2 Be7 17.Bg3 Bf6 18.Rad1 Ne6 19.Bf2 Bg5 20.Rd6 Be7 21.R6d2 Nf4 22.Bf1 Nc7
23.Nc5 Nce6 24.Nxe6 Nxe6 25.g3 Kg7 26.Be3 h5 27.Kf2 h4 28.a3 Nd4 29.b4 a5
30.Rb1 axb4 31.axb4 Ra3 32.Ne2 Nxf3 33.Kxf3 Bg5 34.Nf4 f5 35.Bd3 exf4 36.gxf4 fxe4+
37.Bxe4 Bf6 38.Rd3 Ra2 39.Rbd1 Rxh2 40.f5 Rh3+ 41.Kg2 Rg3+  0-1

[Event "TCh-BEL 2006-7"]
[Site "Belgium BEL"]
[Date "2006.11.19"]
[Round "4"]
[White "Goormachtigh,J"]
[Black "Vanderhallen,N"]
[Result "1-0"]
[WhiteElo "2235"]
[BlackElo "2175"]

1.d4 Nf6 2.c4 g6 3.Nc3 Bg7 4.e4 d6 5.Be2 O-O 6.Nf3 e5 7.Be3 Ng4 8.Bg5 f6
9.Bd2 Nh6 10.d5 Nf7 11.O-O Nd7 12.Ne1 f5 13.exf5 gxf5 14.f4 Nf6 15.Nc2 c5
16.Ne3 exf4 17.Rxf4 Bh6 18.Rf1 Ne4 19.Nxe4 fxe4 20.Nf5 Bxf5 21.Rxf5 Qe7 22.Rxf7 Qxf7
23.Bxh6 Qf2+ 24.Kh1 Rf6 25.Bd2 e3 26.Bc3 Rg6 27.Bg4 h6 28.Qf3 Rf8 29.Qxf2 Rxf2
30.Bh3 Kh7 31.Re1 Rg8 32.g3 e2 33.Bd2 Rgf8 34.Bf4  1-0

[Event "Capablanca mem Open"]
[Site "Havana CUB"]
[Date "2006.11.21"]
[Round "1"]
[White "Hernandez,Hold"]
[Black "Mena Crespo,C"]
[Result "0-1"]
[WhiteElo "2524"]
[BlackElo "2413"]

1.Nf3 Nf6 2.c4 g6 3.Nc3 Bg7 4.e4 d6 5.d4 O-O 6.Be2 Na6 7.O-O e5 8.Re1 Qe8
9.Bf1 Bg4 10.d5 Nb4 11.Be2 a5 12.Nh4 Bd7 13.Be3 Na6 14.g3 Kh8 15.Rc1 Qe7
16.f3 Ng8 17.Qd2 Nc5 18.b3 b6 19.Rb1 Rae8 20.Bf1 f5 21.exf5 gxf5 22.f4 Nf6
23.fxe5 dxe5 24.Rbd1 Qf7 25.Bh3 f4 26.Bxc5 Bxh3 27.Bxf8 Bxf8 28.gxf4 Bc5+
29.Kh1 Qh5 30.Ng2 Rg8 31.Re2 Qf3 32.Rg1 Nh5 33.Ne4 Bxg1 34.Kxg1 Nxf4  0-1